| 000 | 00532nam a2200157 a 4500 | ||
|---|---|---|---|
| 008 | 120416s1994 ||||||||||||||||| || u | ||
| 020 | _a9267102060 | ||
| 050 | _aHD 62.15 Int | ||
| 245 | 0 | 0 | _aISO 9000: quality management. -(5th ed.) |
| 250 | _a5th ed. | ||
| 260 |
_aGeneva _bISO _c1994 |
||
| 350 | _a0.00 | ||
| 650 | _aSTANDARDS | ||
| 650 | _aISO 9000 SERIES STANDARDS--HANDBOOKS, MANUALS, ETC | ||
| 995 |
_D0.00 _FCBU-MAIN LIBRARY (Kitwe) _H1 _I0.00 _M1 _UREFERENCE _ZReference Collection |
||
| 999 |
_c48380 _d48380 |
||